|
|
|
|
| LEADER |
00982nam a2200217 u 4500 |
| 001 |
10111149 |
| 003 |
GR-PaULI |
| 005 |
20210610082157.0 |
| 008 |
140103s2004 gr gre |
| 952 |
|
|
|0 0
|1 0
|4 0
|6 889_134000000000000_ΒΕΗ
|7 0
|9 160038
|a LISP
|b LISP
|c BSC
|d 2016-04-24
|i 115574
|l 1
|o 889.134 ΒΕΗ
|p 025000232968
|r 2019-04-08 00:00:00
|s 2019-03-26
|t 1
|w 2016-04-24
|y BK15
|
| 952 |
|
|
|0 0
|1 0
|2 ddc
|4 0
|6 889_134000000000000_ΒΕΗ
|7 0
|9 325776
|a LISP
|b LISP
|c DON
|d 2021-06-10
|e ΓΑΛ
|i 144162
|l 0
|o 889.134 ΒΕΗ
|p 025000270303
|r 2021-06-10 00:00:00
|t 2
|w 2021-06-10
|y BKN
|
| 999 |
|
|
|c 100851
|d 100851
|
| 020 |
|
|
|a 9601701303
|
| 040 |
|
|
|a GR-PaULI
|c GR-PaULI
|b gre
|e AACR2
|
| 082 |
0 |
4 |
|a 889.134
|2 23
|
| 100 |
1 |
|
|9 56613
|a Βέης, Γιώργος Κων.,
|d 1955-
|e συγγραφέας.
|
| 245 |
1 |
0 |
|a Υστερόγραφα γης /
|c Γιώργος Βέης.
|
| 260 |
|
|
|a Αθήνα :
|b Ύψιλον/Βιβλία,
|c 2004.
|
| 300 |
|
|
|a 79 σ. ;
|c 21 εκ.
|
| 942 |
|
|
|2 ddc
|c BK15
|
| 998 |
|
|
|c ΧΑΡΙΤΟΥ
|d 2014-01
|